000 00326nam a22001457a 4500
008 210225b ||||| |||| 00| 0 eng d
020 _a304520203307116
041 _aeng
080 _29th
_a721.053
082 _a721.053
100 _a62
101 _aAUD
245 _aContemporary Auditing
_cKnapp, M.C
942 _2udc
_cBK
999 _c55235
_d55235